Southville International School and Colleges
Your cart is empty.
  • Cart
  • Lists
    Public lists Eva Luna New books Lux_list list_1
    Your lists Log in to create your own lists
  • Log in to your account
  • Your cookies
  • Search history
Southville International School and Colleges
  • Advanced search
  • Recent comments
  • Most popular
  • Libraries

Log in to your account

Log in with GOOGLE


If you do not have an external account, but do have a local account, you can still log in:

  1. Home
  2. MARC view: Notes in business law
Normal view MARC view ISBD view

Notes in business law (Record no. 39141)

[ view plain ]
MARC details
000 -LEADER
fixed length control field 00562nam a22002057a 4500
003 - CONTROL NUMBER IDENTIFIER
control field OSt
005 - DATE AND TIME OF LATEST TRANSACTION
control field 20140311162959.0
008 - FIXED-LENGTH DATA ELEMENTS--GENERAL INFORMATION
fixed length control field 130205t xxu||||| |||| 00| 0 eng d
020 ## - INTERNATIONAL STANDARD BOOK NUMBER
International Standard Book Number 9710489855
050 ## - LIBRARY OF CONGRESS CALL NUMBER
Classification number KPM856 .S67 2008
Item number S67 2008
082 ## - DEWEY DECIMAL CLASSIFICATION NUMBER
Classification number KPM856
245 ## - TITLE STATEMENT
Title Notes in business law
Remainder of title for accountancy students and CPA reviewees
Statement of responsibility, etc Fidelito R. Soriano
260 ## - PUBLICATION, DISTRIBUTION, ETC. (IMPRINT)
Place of publication, distribution, etc Manila
Name of publisher, distributor, etc GIC Enterprises
Date of publication, distribution, etc c2008
300 ## - PHYSICAL DESCRIPTION
Extent 755 p.
Dimensions 23 cm
521 ## - TARGET AUDIENCE NOTE
Target audience note
526 ## - STUDY PROGRAM INFORMATION NOTE
Reading level 1210L-1700L
541 ## - IMMEDIATE SOURCE OF ACQUISITION NOTE
-- 1
562 ## - COPY AND VERSION IDENTIFICATION NOTE
Number of copies 1
942 ## - ADDED ENTRY ELEMENTS (KOHA)
Source of classification or shelving scheme Library of Congress Classification
Koha item type Books
Call number prefix

No items available.

Notes in business law

APA

(2008). Notes in business law. Manila: GIC Enterprises.

Chicago

2008. Notes in business law. Manila: GIC Enterprises.

Harvard

(2008). Notes in business law. Manila: GIC Enterprises.

MLA

Notes in business law. Manila: GIC Enterprises. 2008.

  • Print
  • Cite
  • Add to your cart (remove)
  • Save record
    BIBTEX Dublin Core MARCXML MARC (non-Unicode/MARC-8) MARC (Unicode/UTF-8) MARC (Unicode/UTF-8, Standard) MODS (XML) RIS
  • More searches
    Search for this title in:
    Other Libraries (WorldCat) Other Databases (Google Scholar) Online Stores (Bookfinder.com) Open Library (openlibrary.org)

Exporting to Dublin Core...

SOUTHVILLE LIBRARY

Southville International School and Colleges Library

1281 Tropical Ave. Cor. Luxembourg St., BF Homes International, Las Pinas City

Tel. No. 8256374 / 252358 Loc. 117/146

Powered by Koha